00524nam a22001697a 450000500170000001000150001702000260003203500130005803700130007108200160008410000260010024500490012626000300017527000750020530000240028050000500030420140812113858.0 aENG-110442 a9788181930743c350.00 aEN-93974 bDBAD/PUB a155.9042085 aDeater-Deckard, Kirby aParenting stress /cby Kirby Deater- Deckard aDelhibByword Booksc2011 aGF-15, Virat Bhawan, Mukherjee Nagar Commercial ComplexbDelhie110009 axi,208p.c23cm(pbk) aIncludes bibliographical references and index